<?xml version="1.0" encoding="UTF-8"?><?xml-stylesheet type="text/xsl" href="static/style.xsl"?><OAI-PMH xmlns="http://www.openarchives.org/OAI/2.0/" xmlns:xsi="http://www.w3.org/2001/XMLSchema-instance" xsi:schemaLocation="http://www.openarchives.org/OAI/2.0/ http://www.openarchives.org/OAI/2.0/OAI-PMH.xsd"><responseDate>2026-04-17T11:23:45Z</responseDate><request verb="GetRecord" identifier="oai:www.recercat.cat:2072/443478" metadataPrefix="marc">https://recercat.cat/oai/request</request><GetRecord><record><header><identifier>oai:recercat.cat:2072/443478</identifier><datestamp>2024-12-21T03:47:30Z</datestamp><setSpec>com_2072_220028</setSpec><setSpec>com_2072_4427</setSpec><setSpec>col_2072_220407</setSpec></header><metadata><record xmlns="http://www.loc.gov/MARC21/slim" xmlns:dcterms="http://purl.org/dc/terms/" xmlns:xsi="http://www.w3.org/2001/XMLSchema-instance" xmlns:doc="http://www.lyncode.com/xoai" xsi:schemaLocation="http://www.loc.gov/MARC21/slim http://www.loc.gov/standards/marcxml/schema/MARC21slim.xsd">
   <leader>00925njm 22002777a 4500</leader>
   <datafield ind2=" " ind1=" " tag="042">
      <subfield code="a">dc</subfield>
   </datafield>
   <datafield ind2=" " ind1=" " tag="720">
      <subfield code="a">Pintado, Andreu</subfield>
      <subfield code="e">author</subfield>
   </datafield>
   <datafield ind2=" " ind1=" " tag="720">
      <subfield code="a">Royo Plumed, Hernando</subfield>
      <subfield code="e">author</subfield>
   </datafield>
   <datafield ind2=" " ind1=" " tag="720">
      <subfield code="a">Lapuente Mercadal, Pilar</subfield>
      <subfield code="e">author</subfield>
   </datafield>
   <datafield ind2=" " ind1=" " tag="720">
      <subfield code="a">Brilli, Mauro</subfield>
      <subfield code="e">author</subfield>
   </datafield>
   <datafield ind2=" " ind1=" " tag="260">
      <subfield code="c">2015</subfield>
   </datafield>
   <datafield ind2=" " ind1=" " tag="520">
      <subfield code="a">The archaeological remains of three Roman cities placed in the most northern part of the Hispania Citerior  province,in the demarcation of the ancient Augustancolony of Caesar Augusta, are currently under a multi-disciplinary study. Located along the road that once con-nected the Ebro valley with the Pyrenees, they include Los Bañales (Uncastillo) and the small municipalities of Campo Real (Sos del Rey Católico) and Cabezo Ladrero(Sofuentes), all in the modern province of Zaragoza. By Augustan times, they probably started to become monu-mental, and became municipia in the Flavian period.The reopening of the recent archaeological research car-ried out in the mentioned area together with the imple-mentation of a multi-method archaeometric study have provided a better knowledge of the stone resources and about the selection of imported marbles for special goods. Apart from varieties of the nearby Saint-Beatmarbles, the attested catalogue includes other well known quarry sources like Carrara, Paros and Docimium.</subfield>
   </datafield>
   <datafield ind1="8" ind2=" " tag="024">
      <subfield code="a">9788891307682</subfield>
   </datafield>
   <datafield ind1="8" ind2=" " tag="024">
      <subfield code="a">http://hdl.handle.net/2072/443478</subfield>
   </datafield>
   <datafield ind2="0" ind1="0" tag="245">
      <subfield code="a">Imported marbles found in three Roman cities of the territory of “Cinco Villas” (Zaragoza), north of Hispania Citerior</subfield>
   </datafield>
</record></metadata></record></GetRecord></OAI-PMH>